000 01123nas a2200301 4500
001 BR2015005392
003 BR-BrBNA
005 20231205125742.0
007 ta
008 230509b bl.|||p| |||| 00| 00por d
040 _aBR-BrBNA
_bpor
_cBiblioteca Nacional de Agricultura
041 _a(Pt)
072 _aF02; H20
100 1 _aPorto, B.H.C.
100 1 _aAbreu, H. dos S.
100 1 _aDeus, D.A. de
100 1 _aDuarte, M.S.
100 1 _aSouza, K.
111 1 _a16° Congresso Brasileiro de Floricultura e Plantas Ornamentais; 3° Congresso Brasileiro de Cultura de Tecidos de Plantas; 1° Simpósio de Plantas Ornamentais Nativas
_cGoiânia, GO (Brazil)
_d10-15 Sep 2007
245 1 _aIntrodução in vitro de Lophantera lactescens Ducke (Malpighiaceae)
650 _aPLANTA MEDICINAL
650 _aPROPAGAÇÃO VEGETATIVA
650 _aCULTURA IN VITRO
650 _aDESINFECÇÃO
773 0 _tRevista Brasileira de Horticultura Ornamental (Brazil)
_xISSN 1809-6093
_g(Sep 2007), v. 13(Suplemento) p. 1388-1391
_wBR2015005392
909 _a202311
_bLúcia
_c55
_dLúcia Elande
942 _2AGRIS
_n0
_cANA
999 _c245934
_d245934